00266nam a2200121Ia 45000030006000000080041000060400015000471000014000622450030000762600009001065460012001150050017001270STCL150530s9999 xx 000 0 und d aSTCLcSTCL aHenry, O. aFifty eight short stories c1968 aEnglish20220125170650.0